000 00360nam a22001337a 4500
020 _qHB.
040 _cFIZZA ISHAQ
082 _a081
_bWIL
100 _aJR,BUCKLEY.F.WILLIAM.
_9132564
245 _aA HYMNAL THE CONTROVERSIAL ARTS /
_cWILLIAM F.BUCKLEY,JR.
260 _aNEW YORK;
_bG.P.PUTNAM'S SONS,
_c1975.
300 _a511 P. ;
_c8.9X6IN
942 _2ddc
_cBK
999 _c615688
_d615688